03788nam a22002657a 45000010005000000030006000050050017000110080041000280200018000690400029000870500008001161000021001242450173001452600042003183000049003604900041004095050008004505201897004585200953023555210029033085210020033376500087033576500046034447000032034908582FISKH20251002084739.0251001b cb ||||| |||| 00| 0 eng d a9789996301742 aFISKHbkhrcFISKHdFISKH aPZ7 aSotheary, Kimsun aមាណព នាគ និង​ សេក :bMan, Naga and parrot / cរៀបរៀងដោយ អ្នកស្រី គឹមស៊ុន សុធារី  aPhnom Penh :bReading Books , c2012. a20 pages : bcolor illustrations ;c25 cm .  aពិភពរឿងនិទាន aJ  aកាលពីព្រេងនាយមានសេកមួយក្បាលចុះទៅផឹកទឹកក្នុងអណ្តូង ។​ ក្រោយមកក៏មានបុរសម្នាក់និងនាគរាជទៅផឹកទឹកដែរ ។​ ជាអកុសលពួកគេខំឡើងពីអណ្តូងមកវិញតែឡើងពុំរួច ។​ ក្រោយមកមានមាណពម្នាក់បានជួយ ។​ហើយមាណពនោះក៏បានសាកចិត្តអ្នកទាំង៣​ តើអ្នកណាដឹងគុណខ្លួនច្រើនជាងគេ ។​ សេកក៏បានពាំកែវមុក្តារបស់ស្តេចយកមកអោយមាណព​ ។​ មាណពក៏បានយករបស់នោះទៅផ្ញើបុរសដែលខ្លួនបានជួយពីក្នុងអណ្តូង​។​ ក្រោយបកព្រះរាជាក៏ប្រកាសរកកែវមុក្តានោះ ដោយសន្យាថានឺងប្រទានរង្វាន់អោយស្មើនឺងតម្លៃកែវនោះ ។ ដោយក្តីលោភលន់បុរសនោះក៏យកកែវនោះទៅថ្វាយស្តេច ។ ហើយព្រះរាជាក៏ចាត់អោយសេនាទៅចាប់មាណព​ដោយសារភាពស្មោះត្រង់មាណពបានរួចផុតពីសេចក្តីស្លាប់ ហើយព្រះរាជាក៏សង់ព្រះអោយមាណពស្នាក់នៅជាមួយសេក និងនាគ ថែមទាំងផ្តល់រង្វាន់ជាច្រើនផងដែរ ។​  aOnce upon a time, a monkey went down to drink water from a well. After that, a man and a Naga also came to drink water. Unfortunately, none of them could climb back up from the well. Later, a hermit came and helped all three of them out. The hermit then wanted to test which of the three was the most grateful. The parrot brought the hermit the royal crystal goblet belonging to the king. The hermit then sent the goblet to the man he had rescued from the well. Later, when the king found out the crystal goblet was missing, he made an announcement seeking its return, promising a reward equal to its value. Greedy for the reward, the man presented the goblet to the king, claiming it as his own. The king then ordered soldiers to arrest the hermit. However, due to the hermit's honesty and righteousness, he escaped execution. The king later built a hermitage for the hermit to live with the parrot and the Naga, and he granted them many rewards.8 a500 bLexile estimate 8 aJ bRaz-Plus  aមាណព នាគ និងសេកvរឿងនិទានកុមារ aMan, naga and parrotvChildren's stories  aSaren , Koam eIllustrator